000 00698nam a2200217 i 4500
001 bg
100 1 _aEICHENDORFF, Joseph von
_d(1788-1857)
245 1 0 _aAus dem Leben eines Taugenichts /
_cJoseph von Eichendorff.
260 _aHamburg :
_bHamburger Lesehefte Verl.,
_c2005.
490 1 _aHamburger Lesehefte ;
_v5
650 9 _aProza niemiecka
_y18-19 w.
830 _aHamburger Lesehefte ;
020 _a3872910043
040 _cBPK
041 0 _ager
080 _a821.112.2-3
920 _a3-87291-004-3
942 _cKS
008 s pl f |000 0 pol
999 _c45937
_d45937
856 _uhttp://koha.tu.koszalin.pl/cgi-bin/koha/opac-detail.pl?biblionumber=45937
_yKatalog online BPK